Welcome to the Holygrace Academy Library

Please use search bar below to get started

MATHEMATICS PART II (Record no. 653)

MARC details
000 -LEADER
fixed length control field 00280nam a22001217a 4500
082 ## - DEWEY DECIMAL CLASSIFICATION NUMBER
Classification number 510
Item number DAY/N
100 ## - MAIN ENTRY--AUTHOR NAME
Personal name NAND LAL DAYA RAM
245 ## - TITLE STATEMENT
Title MATHEMATICS PART II
Remainder of title CLASS XII
260 ## - PUBLICATION, DISTRIBUTION, ETC. (IMPRINT)
Place of publication DELHI
Name of publisher NANDLAL DAYARAM
300 ## - PHYSICAL DESCRIPTION
Number of Pages 560
650 ## - SUBJECT ADDED ENTRY--TOPICAL TERM
Topical Term MATHS FOR CLASS XII
Geographic subdivision INDIA
942 ## - ADDED ENTRY ELEMENTS (KOHA)
Koha item type Books
Holdings
Withdrawn status Lost status Collection code Home library Current library Shelving location Date acquired Source of acquisition Cost, normal purchase price Full call number Accession Number Koha item type
    Reference Main Library Main Library SHELF-10 E PLUS 2 -MATHS 13/08/2011 purchase 92.00 510 DAY/N 05976 Books
    Reference Main Library Main Library SHELF-10 E PLUS 2 -MATHS 13/08/2011 purchase 92.00 510 DAY/N 05975 Books